Principles of managerial finance (Record no. 4569)

MARC details
000 -LEADER
fixed length control field 00661nam a22002057a 4500
003 - CONTROL NUMBER IDENTIFIER
control field OSt
005 - DATE AND TIME OF LATEST TRANSACTION
control field 20251023063933.0
008 - FIXED-LENGTH DATA ELEMENTS--GENERAL INFORMATION
fixed length control field 250930b |||||||| |||| 00| 0 eng d
020 ## - INTERNATIONAL STANDARD BOOK NUMBER
International Standard Book Number 13:978-981-06-9883-6.
040 ## - CATALOGING SOURCE
Original cataloging agency DWCL-Main lib
Transcribing agency OC
082 ## - DEWEY DECIMAL CLASSIFICATION NUMBER
Classification number Fil. 658.15 G536p 2009
100 ## - MAIN ENTRY--PERSONAL NAME
Personal name Lawrence J. Gitman
245 ## - TITLE STATEMENT
Title Principles of managerial finance
260 ## - PUBLICATION, DISTRIBUTION, ETC.
Place of publication, distribution, etc. Singapore :
Name of publisher, distributor, etc. Pearson Education South Asia Pte. Ltd.,
Date of publication, distribution, etc. c2009.
300 ## - PHYSICAL DESCRIPTION
Extent xliv, (various paging) :
Other physical details illustration ;
Dimensions 24 cm.
504 ## - BIBLIOGRAPHY, ETC. NOTE
Bibliography, etc. note Includes index.
650 ## - SUBJECT ADDED ENTRY--TOPICAL TERM
Source of heading or term 1. Business enterprises-Finance.
650 ## - SUBJECT ADDED ENTRY--TOPICAL TERM
Source of heading or term 2. Corporations-Finance.
942 ## - ADDED ENTRY ELEMENTS (KOHA)
Source of classification or shelving scheme Dewey Decimal Classification
Koha item type Book-Filipiniana
Edition 12th ed.
Call number prefix Fil.
Suppress in OPAC No
952 ## - LOCATION AND ITEM INFORMATION (KOHA)
--
Holdings
Withdrawn status Lost status Source of classification or shelving scheme Damaged status Not for loan Home library Current library Shelving location Date acquired Source of acquisition Cost, normal purchase price Total Checkouts Full call number Barcode Date last seen Copy number Price effective from Koha item type Uniform Resource Identifier
    Dewey Decimal Classification     College Library College Library Filipiniana 06/16/2009 School Fund 998.00   Fil. 658.15 G536p 2009 46545 09/30/2025 c1 09/30/2025 BK - FIL